00358nam a2200145Ia 450000100060000000800410000602000180004704000130006508200160007810000180009424500730011226000090018530000110019454600070020510904140331s9999 xx 000 0 und d a9971-991-17-9 cPK-LaUMT a 220bADA-B aAdams, Jay E. 4aThe biblical view of self-esteem self-love self-imagecAdams, Jay E. c1986 a143 p. aEN